| 000 | 00884nam a2200265Ia 4500 | ||
|---|---|---|---|
| 003 | OSt | ||
| 005 | 20220930072635.0 | ||
| 006 | a|||||r|||| 00| 0 | ||
| 007 | ta | ||
| 008 | 220926b |||||||| |||| 00| 0 eng d | ||
| 024 | _a24702 | ||
| 037 | _cTheses | ||
| 040 |
_aCRL _cCRL _beng |
||
| 041 |
_2eng _aeng |
||
| 100 |
_aJashan Vishwanath _9530195 |
||
| 110 |
_aUniversity of Delhi. Faculty of Medical Sciences. Department of Orthopaedics _9519703 |
||
| 245 | 0 | _aFasciocutaneous flaps for soft tissue defects in open trauma of the extremities | |
| 260 | _c1998 | ||
| 300 |
_a65p. _ap. _ccm. |
||
| 650 |
_aORTHOPEDICS _9519704 |
||
| 700 |
_a Dr Anil Mehtani Supervisor _9530196 |
||
| 700 |
_aUniversity of Delhi. Faculty of Medical Sciences. Department of Orthopaedics _9519706 |
||
| 942 |
_cDIS _2CC |
||
| 999 |
_c864146 _d864146 |
||